00305nam a2200121Ia 4500008004100000100001700041245004100058260004000099300000900139650001300148942000700161999001500168190216s9999||||xx |||||||||||||| ||und|| aVenkatesam E 0aHand Book Of Mercantile Law Commerce bThe Madras Law Journal Officec1975 a658p aCommerce cBK c5075d5075